[Event "Challenge"]
[Site "http://www.queenalice.com/game.php?id=1324382"]
[Date "2014.11.26"]
[Round "-"]
[White "dontar"]
[Black "SalsaKing"]
[Result "1-0"]
[WhiteElo "1714"]
[BlackElo "1668"]

1. e4 e5 2. Nf3 d6 3. Nc3 a6 4. d4 Qe7 5. d5 h6 6. h3 Bd7 7. Bc4 b5 8. Bd3 b4 9.
Ne2 Nf6 10. Nd2 g5 11. g4 h5 12. Ng3 h4 13. Nf5 Bxf5 14. gxf5 c5 15. Nc4 Qc7 16.
Bxg5 Be7 17. b3 Nxe4 18. Bxe7 Nc3 19. Bxd6 Qb7 20. Qd2 Nd7 21. Bxe5 Qxd5 22.
Nd6+ Kf8 23. Bxc3 bxc3 24. Qxc3 f6 25. Ne4 Re8 26. O-O-O Ne5 27. Nxf6 Nxd3+ 28.
Qxd3 Qxd3 29. Rxd3 Re7 30. Nd7+ Kf7 31. Nxc5 a5 32. Rd6 Rhe8 33. Rhd1 Re1 34.
Rd7+ Kg8 35. Ne6 Rxd1+ 36. Kxd1 Ra8 37. a4 Kh8 38. f6 Re8 39. f7 Rf8 40. Nxf8
Kg7 41. Ne6+ Kf6 42. Nd4 1-0

[Event "Challenge"]
[Site "http://www.queenalice.com/game.php?id=1345610"]
[Date "2015.3.4"]
[Round "-"]
[White "dontar"]
[Black "Miccel"]
[Result "0-1"]
[WhiteElo "1796"]
[BlackElo "1847"]

1. Nf3 g6 2. e4 Bg7 3. d4 d6 4. Bd2 Nd7 5. d5 Bxb2 6. Bc3 Bxa1 7. Bxa1 Ngf6 8.
Bd3 Nc5 9. O-O Nxd3 10. cxd3 Bd7 11. h3 O-O 12. Bd4 c6 13. dxc6 Bxc6 14. Nc3 b5
15. a3 a5 16. Qd2 e5 17. Be3 b4 18. axb4 axb4 19. Nb1 Qa5 20. Bh6 Rfb8 21. Qg5
Ne8 22. Qe7 Ng7 23. Ng5 Rf8 24. Qxd6 Bb7 25. Qf6 Ne8 26. Qe7 Ng7 27. Qxb7 Ra7
28. Qd5 Qxd5 29. exd5 Rd8 30. Nf3 f6 31. Be3 Rb7 32. Rc1 Rxd5 33. Ne1 Nf5 34.
Bc5 b3 35. Ba3 Nd4 36. Kf1 b2 37. Rc3 Rdb5 38. Nf3 Rb3 39. Nfd2 Rxc3 40. Nxc3
Nc2 41. Nc4 b1=Q+ 42. Nxb1 Rxb1+ 43. Ke2 Nd4+ 44. Kd2 Rg1 45. Ne3 Ra1 46. Bb2
Rb1 47. Nd1 Kf7 48. f4 Ke6 49. Bxd4 exd4 50. g4 h5 51. gxh5 gxh5 52. Nf2 Kf5 53.
Ne4 h4 0-1

[Event "AUTO-ADV-3469"]
[Site "http://www.queenalice.com/game.php?id=1375900"]
[Date "2015.8.6"]
[Round "1"]
[White "Paulsains"]
[Black "dontar"]
[Result "1/2-1/2"]
[WhiteElo "1938"]
[BlackElo "1774"]

1. e4 d6 2. Nf3 Bg4 3. Be2 Nf6 4. d3 e5 5. O-O h6 6. Be3 Nbd7 7. h3 Be6 8. Nc3
c6 9. Qd2 g5 10. Nh2 Be7 11. a3 O-O 12. Bxg5 Kh8 13. Bxh6 Rg8 14. Qe3 Bf8 15.
Bxf8 Qxf8 16. f4 Qg7 17. Rf2 exf4 18. Qxf4 Bxh3 19. Qh4+ Qh7 20. Qxh7+ Nxh7 21.
Kh1 Be6 22. Bh5 Ndf6 23. Be2 Rg7 24. Raf1 Rag8 25. Rg1 b5 26. b4 a6 27. d4 d5
28. e5 Ne8 29. Bd3 Rg5 30. Rf4 R8g7 31. Rh4 Bf5 32. Bxf5 Rxf5 33. g4 Rf4 34. Ne2
Rf2 35. Rg2 Rxg2 36. Kxg2 Kg8 37. Kg3 Ng5 38. Nc3 Nc7 39. Nf3 Nxf3 40. Kxf3 Ne6
41. Ne2 Rg6 42. Nf4 Nxd4+ 43. Kf2 Rg5 44. Nd3 Kg7 45. c3 Nc2 46. Nc5 Nxa3 47.
Nxa6 Rxe5 48. Nb8 Re6 49. g5 Nc4 50. Nd7 Nd6 51. Nf6 Ne4+ 52. Nxe4 dxe4 53. Ke3
Kg6 54. Rg4 Kf5 55. Rf4+ Kxg5 56. Rxf7 Rf6 57. Rxf6 Kxf6 58. Kxe4 Ke6 1/2-1/2

[Event "AUTO-ADV-3469"]
[Site "http://www.queenalice.com/game.php?id=1375901"]
[Date "2015.8.6"]
[Round "1"]
[White "dontar"]
[Black "Paulsains"]
[Result "1-0"]
[WhiteElo "1734"]
[BlackElo "1848"]

1. e4 e5 2. Nf3 Nf6 3. Nc3 d6 4. Bc4 h6 5. d3 Be7 6. h3 O-O 7. g4 Nh7 8. h4 Nc6
9. g5 hxg5 10. Nxg5 Nxg5 11. hxg5 Bxg5 12. Qh5 Bh6 13. Bxh6 Qf6 14. O-O-O gxh6
15. Rdg1+ Kh7 16. Nd5 Qe6 17. Nxc7 1-0

[Event "AUTO-ADV-3469"]
[Site "http://www.queenalice.com/game.php?id=1375916"]
[Date "2015.8.6"]
[Round "1"]
[White "erivaldoadao"]
[Black "dontar"]
[Result "1-0"]
[WhiteElo "1651"]
[BlackElo "1777"]

1. d4 d5 2. Nf3 Bg4 3. h3 Bf5 4. c4 dxc4 5. Nc3 e6 6. e4 Bg6 7. Bxc4 Nf6 8. e5
Nfd7 9. O-O h6 10. Be3 Nb6 11. Bb3 Be7 12. d5 Nxd5 13. Bxd5 exd5 14. Qxd5 Qxd5
15. Nxd5 Nc6 16. Nxc7+ Kf8 17. Nxa8 Bd8 18. Bc5+ Kg8 19. Rfd1 1-0

[Event "AUTO-ADV-3469"]
[Site "http://www.queenalice.com/game.php?id=1375917"]
[Date "2015.8.6"]
[Round "1"]
[White "dontar"]
[Black "erivaldoadao"]
[Result "1-0"]
[WhiteElo "1756"]
[BlackElo "1807"]

1. e3 c5 2. c3 Nc6 3. Nf3 e5 4. e4 Nf6 5. d3 d6 6. h3 Be7 7. Nbd2 O-O 8. Be2 Be6
9. Nb3 a5 10. Ng5 Bd7 11. Be3 h6 12. Nf3 b5 13. a3 a4 14. Nbd2 b4 15. axb4 cxb4
16. c4 b3 17. Nb1 Qa5+ 18. Bd2 Qb6 19. Bc3 Nh5 20. g3 Nd4 21. Nxd4 exd4 22. Bd2
Nf6 23. Bf3 Nh7 24. Bg4 Bxg4 25. Qxg4 Nf6 26. Qf3 Qb7 27. Na3 Nd7 28. Qe2 Ne5
29. f4 Nc6 30. O-O Qd7 31. Kg2 Nd8 32. Nb5 Ne6 33. Qf2 Bf6 34. Ra3 Nc5 35. Qf3
Rab8 36. Rd1 Rxb5 37. cxb5 Qxb5 38. Be1 Be7 39. Bf2 Ne6 40. h4 d5 41. Raa1 dxe4
42. Qxe4 Bf6 43. Rac1 Qa5 44. Ra1 Rc8 45. Rac1 Rxc1 46. Rxc1 a3 47. bxa3 g6 48.
Rc8+ Kg7 49. Qa8 Qxa8+ 50. Rxa8 Nc5 51. Rb8 h5 52. Kf3 b2 53. Rxb2 Nxd3 54. Rd2
Nc5 55. Bxd4 Bxd4 56. Rxd4 Kf6 57. a4 Ke6 58. Ke3 f5 59. a5 Nb3 60. a6 1-0

[Event "AUTO-ADV-3469"]
[Site "http://www.queenalice.com/game.php?id=1375928"]
[Date "2015.8.6"]
[Round "1"]
[White "dontar"]
[Black "Spessatto"]
[Result "1-0"]
[WhiteElo "1755"]
[BlackElo "1898"]

1. e3 e5 2. Nf3 Nc6 3. Bb5 Nge7 4. d4 a6 5. Bd3 Ng6 6. d5 Nce7 7. e4 h6 8. Bd2
d6 9. g3 Bd7 10. Nc3 c6 11. dxc6 Nxc6 12. Nd5 Be7 13. Be3 Bg4 14. Bb6 Qd7 15.
Nc7+ Kf8 16. Nxa8 Bd8 17. Be3 Nd4 18. Bxd4 exd4 19. Be2 Qc8 20. Nxd4 Bxe2 21.
Nxe2 Qxa8 22. Qxd6+ Be7 23. Qd5 Kg8 24. O-O-O Kh7 25. Qxf7 Rf8 26. Qc4 b5 27.
Qd5 Qc8 28. f4 Rd8 29. Qb3 Re8 30. a3 Bf8 31. Qd3 Qe6 32. f5 Qa2 33. fxg6+ Kh8
34. Nc3 Qa1+ 35. Nb1 Be7 36. h4 Qa2 37. Qd7 1-0

[Event "AUTO-ADV-3469"]
[Site "http://www.queenalice.com/game.php?id=1375929"]
[Date "2015.8.6"]
[Round "1"]
[White "Spessatto"]
[Black "dontar"]
[Result "1-0"]
[WhiteElo "1898"]
[BlackElo "1744"]

1. d4 d5 2. h3 Nc6 3. Nf3 e6 4. Bf4 Bd6 5. Ne5 Nxe5 6. dxe5 Bc5 7. e3 h6 8. Nd2
a6 9. Bd3 Ne7 10. c3 Bd7 11. Qg4 g5 12. Bh2 Ng6 13. Qh5 Nh4 14. g3 Nf5 15. Bxf5
exf5 16. Nb3 Bb6 17. Qe2 Bb5 18. Qd2 Bc4 19. Nd4 Qd7 20. b3 Bb5 21. Nxb5 Qxb5
22. Rb1 O-O-O 23. a4 Qe8 24. Ra1 Qxe5 25. Qd3 Ba5 26. Rc1 d4 27. g4 Qc5 28. b4
Bxb4 29. O-O dxe3 30. cxb4 exf2+ 31. Kg2 f4 32. Qxd8+ Rxd8 33. Rxc5 Rd4 34. Rxf2
Rxb4 35. Rfc2 c6 36. a5 Kc7 37. Rf5 1-0

[Event "Challenge"]
[Site "http://www.queenalice.com/game.php?id=1401786"]
[Date "2016.1.2"]
[Round "-"]
[White "JORAM2205"]
[Black "dontar"]
[Result "0-1"]
[WhiteElo "1845"]
[BlackElo "1782"]

1. e4 e6 2. d4 d5 3. e5 Nc6 4. Nf3 h6 5. Nc3 Bb4 6. Bd2 Nge7 7. a3 Ba5 8. Be2
Nf5 9. Bd3 Ncxd4 10. O-O Nc6 11. Bf4 Bd7 12. Qd2 g5 13. Bxf5 exf5 14. Be3 f4 15.
Bc5 Be6 16. h3 Bb6 17. Bxb6 axb6 18. Nd4 Nxd4 19. Qxd4 c5 20. Qd2 Qd7 21. f3 h5
22. Ne2 d4 23. b3 Qc7 24. Qd3 Ke7 25. Qe4 Rag8 26. Rad1 Rd8 27. a4 Rd5 28. Qd3
Rxe5 29. Rf2 Kf6 30. c4 Qd7 31. Qd2 Rd8 32. Nc1 Bf5 33. Kh2 Rde8 34. Rg1 R8e7
35. g4 Bg6 36. b4 h4 37. b5 Qe8 38. a5 Re3 39. Rgg2 R7e5 40. axb6 Qe6 41. Qa5
Qxc4 42. Na2 Re2 43. Qa7 Rxf2 44. Rxf2 Re2 45. Rxe2 Qxe2+ 46. Kg1 Qxf3 47. Qb8
Be4 48. Qd8+ Kg6 49. Qg8+ Kf6 50. Qd8+ Ke6 51. Qc8+ Kd5 52. Qxb7+ Kc4 53. Qxf7+
Bd5 0-1

[Event "Challenge"]
[Site "http://www.queenalice.com/game.php?id=1416918"]
[Date "2016.4.6"]
[Round "-"]
[White "dontar"]
[Black "ulisses34"]
[Result "1-0"]
[WhiteElo "1816"]
[BlackElo "1780"]

1. e3 d5 2. Nf3 Nc6 3. Nd4 e5 4. Nxc6 bxc6 5. d4 e4 6. Nd2 Be7 7. Nb3 Nf6 8. h3
Rb8 9. Nc5 Nd7 10. Qh5 Nxc5 11. dxc5 O-O 12. a3 Bxc5 13. b4 Be7 14. c3 Bf6 15.
Bd2 Re8 16. Qd1 Re5 17. Be2 Bh4 18. g3 Bxg3 19. fxg3 Qg5 20. Bg4 h5 21. h4 Qxg4
22. Qxg4 Bxg4 23. Bc1 Rbe8 24. Kd2 R8e6 25. Kc2 Rf6 26. Bd2 Rf2 27. Rhg1 Ref5
28. Rae1 Rh2 29. Ref1 Rf3 30. Rxf3 exf3 31. Rf1 f2 32. Kd3 Bf5+ 33. e4 dxe4+ 34.
Ke3 Bh3 35. Rxf2 Rxf2 36. Kxf2 f5 37. Bf4 Kf7 38. Bxc7 a6 39. Ke3 Ke6 40. Kd4
Bg4 41. a4 Kd7 42. Bf4 Ke6 43. Kc5 g6 44. Kxc6 Kf6 45. c4 Be2 46. Kc5 Ke6 47. b5
axb5 48. cxb5 Bd3 49. Kc6 Bc4 50. b6 Ba6 51. a5 Ke7 52. b7 1-0

[Event "Challenge"]
[Site "http://www.queenalice.com/game.php?id=1416919"]
[Date "2016.4.6"]
[Round "-"]
[White "dontar"]
[Black "APSHOOTER"]
[Result "1-0"]
[WhiteElo "1801"]
[BlackElo "1729"]

1. e3 e5 2. Nc3 a6 3. Nf3 d6 4. Bd3 Bg4 5. h3 Be6 6. Ne4 Nf6 7. Neg5 Qd7 8. Nxe6
Qxe6 9. Qe2 Be7 10. Bc4 Qf5 11. d3 Nc6 12. e4 Qg6 13. Nh4 Qh5 14. Qxh5 O-O-O 15.
Qd1 Nd4 16. Be3 h6 17. Bxf7 d5 18. c3 Nc6 19. Be6+ Kb8 20. Ng6 Rhe8 21. Bf7 dxe4
22. Bxe8 Rxd3 23. Qb3 Nxe8 24. Nxe7 Nxe7 25. Qe6 1-0

[Event "Challenge"]
[Site "http://www.queenalice.com/game.php?id=1419447"]
[Date "2016.4.22"]
[Round "-"]
[White "dontar"]
[Black "mascarade"]
[Result "0-1"]
[WhiteElo "1831"]
[BlackElo "1851"]

1. d4 d5 2. Nc3 Nf6 3. e3 g6 4. f3 Bg7 5. Nge2 Be6 6. Nf4 Bf5 7. Bd3 Bxd3 8.
Qxd3 Na6 9. Qb5+ Qd7 10. Qxb7 Qc8 11. Qb5+ Nd7 12. Qe2 c6 13. a3 O-O 14. O-O e5
15. dxe5 Nxe5 16. Nd3 Nxd3 17. Qxd3 Nc5 18. Qd2 Qe6 19. Rb1 Rad8 20. b4 d4 21.
Ne4 Nxe4 22. Qd3 Nc3 23. Rb3 dxe3 24. Qa6 Bd4 25. Re1 e2+ 26. Kh1 Bf2 0-1

[Event "AUTO-ADV-3668"]
[Site "http://www.queenalice.com/game.php?id=1430099"]
[Date "2016.7.3"]
[Round "1"]
[White "rubenov"]
[Black "dontar"]
[Result "0-1"]
[WhiteElo "2012"]
[BlackElo "1808"]

1. d4 d5 2. Bg5 Nf6 3. Nf3 h6 4. Bh4 Nc6 5. e3 g5 6. Bg3 Ne4 7. Be5 f6 8. Bg3 h5
9. h3 Nxg3 10. fxg3 g4 11. hxg4 Bxg4 12. Bd3 f5 13. a3 a6 14. Nc3 e6 15. Qd2 Bd6
16. Qf2 Qe7 17. Nh2 h4 18. gxh4 Qxh4 19. Nxg4 Qxh1+ 20. Ke2 Qxa1 0-1

[Event "AUTO-ADV-3668"]
[Site "http://www.queenalice.com/game.php?id=1430100"]
[Date "2016.7.3"]
[Round "1"]
[White "dontar"]
[Black "rubenov"]
[Result "0-1"]
[WhiteElo "1859"]
[BlackElo "2034"]

1. d3 d5 2. Nf3 Nc6 3. Bd2 Bg4 4. h3 Bh5 5. e3 e5 6. Be2 Nf6 7. d4 e4 8. Ne5
Bxe2 9. Qxe2 Nxe5 10. dxe5 Nd7 11. Bc3 c6 12. a3 Bc5 13. Qd2 O-O 14. Bb4 Bxb4
15. Qxb4 Rb8 16. Nc3 Nxe5 17. b3 h6 18. O-O a6 19. Ne2 Qc7 20. Rfd1 Ng6 21. g3
Qd7 22. Kg2 Ne5 23. Ng1 Qf5 24. Qe1 Nf3 25. Nxf3 Qxf3+ 26. Kh2 h5 27. h4 f6 28.
Rd2 g5 29. Qe2 gxh4 30. Qxf3 exf3 31. gxh4 Kh7 32. Rg1 Rg8 33. Rg3 Rg4 34. Rxf3
Rxh4+ 35. Kg3 Rg4+ 36. Kh3 Kg6 37. Rg3 f5 38. Rxg4+ hxg4+ 39. Kg3 Kg5 40. f3
gxf3 41. Kxf3 Rh8 42. Rg2+ Kf6 43. c4 dxc4 44. bxc4 Rh4 45. Rc2 Ke5 46. Rc3 Rh3+
47. Kg2 Rh4 48. Kf3 Rh7 49. Rd3 Rh3+ 50. Ke2 b5 51. c5 Rh6 52. Rd4 a5 53. Kd3
Re6 54. e4 f4 55. Rd8 Kf6 56. Rd6 Ke5 57. Rd8 Kf6 58. Kd4 Ke7 59. Ra8 a4 60. e5
f3 61. Rh8 Rg6 62. Rh1 Ke6 63. Ke4 f2 64. Rf1 Rg1 65. Rxf2 Re1+ 0-1

[Event "AUTO-ADV-3668"]
[Site "http://www.queenalice.com/game.php?id=1430117"]
[Date "2016.7.3"]
[Round "1"]
[White "mvson33"]
[Black "dontar"]
[Result "1-0"]
[WhiteElo "2017"]
[BlackElo "1816"]

1. e4 e5 2. Nf3 Nc6 3. Bb5 Be7 4. O-O d5 5. exd5 Qxd5 6. Nc3 Qc5 7. d3 Bg4 8.
Bc4 Nd4 9. Be3 e4 10. Bxd4 Bxf3 11. Bxc5 Bxd1 12. Raxd1 Bxc5 13. Nxe4 Be7 14.
Rfe1 O-O-O 15. Nc3 f6 16. Bxg8 Rhxg8 17. Rxe7 1-0

[Event "AUTO-ADV-3668"]
[Site "http://www.queenalice.com/game.php?id=1430118"]
[Date "2016.7.3"]
[Round "1"]
[White "dontar"]
[Black "mvson33"]
[Result "1-0"]
[WhiteElo "1838"]
[BlackElo "1906"]

1. d3 d5 2. Nf3 Nf6 3. h3 g6 4. Nd4 Bg7 5. Be3 O-O 6. Qd2 Nbd7 7. Nc3 b6 8. Nc6
Qe8 9. Nb4 Bb7 10. d4 Rc8 11. g3 e6 12. f3 c5 13. Nd3 cxd4 14. Bxd4 Qe7 15.
O-O-O Rc4 16. Ne5 Nxe5 17. Bxe5 Rfc8 18. e3 R4c5 19. Bd4 R5c7 20. Bd3 a6 21.
Bxb6 Rc6 22. Bd4 Qb4 23. a3 Qd6 24. Rhg1 e5 25. Ba7 Ra8 26. e4 Rxa7 27. exd5 Rc8
28. Be4 Ba8 29. g4 Rac7 30. h4 Nxe4 31. fxe4 Qb6 32. h5 Qd4 33. Rg3 Qxd2+ 34.
Rxd2 Rc4 35. hxg6 hxg6 36. g5 f5 37. gxf6 Bxf6 38. Rxg6+ Kf7 39. Rg4 Bg7 40.
Rf2+ Kg8 41. Rfg2 R8c7 42. Rg5 Kf8 43. Rf5+ Ke8 44. Rf3 Bh6+ 45. Kb1 Bf4 46.
Rg8+ Kd7 47. Rxa8 Bd2 48. Rf7+ Kd6 49. Rxa6+ 1-0

[Event "Challenge"]
[Site "http://www.queenalice.com/game.php?id=1436895"]
[Date "2016.8.19"]
[Round "-"]
[White "dontar"]
[Black "ebpap123"]
[Result "0-1"]
[WhiteElo "1850"]
[BlackElo "1935"]

1. e4 c5 2. Nc3 Nc6 3. Nf3 e6 4. d3 a6 5. Be3 Qc7 6. d4 cxd4 7. Nxd4 d6 8. Qh5
Nf6 9. Qf3 Ne5 10. Qe2 Be7 11. g3 Neg4 12. Bd2 b5 13. Bg2 Bb7 14. Bf3 Ne5 15. b3
Nxf3+ 16. Nxf3 O-O 17. h3 Rac8 18. O-O b4 19. Na4 a5 20. Rac1 Bxe4 21. Be3 Nd5
22. Kg2 Nc3 23. Nxc3 Qxc3 24. Rfd1 Bxf3+ 25. Kxf3 Qf6+ 26. Kg2 Qe5 27. Qf3 d5
28. Bb6 Ra8 29. Qe3 Qxe3 30. Bxe3 Bf6 31. Rd3 Rfc8 32. h4 Rc6 33. Rd2 Rac8 34.
Kf3 Bb2 35. Rb1 Ba3 36. Bd4 Rxc2 37. Be3 Rxd2 38. Bxd2 Rc2 39. Ke2 Rxa2 40. Kd1
Rb2 41. Rc1 Rxd2+ 42. Kxd2 Bxc1+ 43. Kxc1 Kf8 44. Kd2 Ke7 45. Kd3 e5 46. f4 exf4
47. gxf4 Ke6 48. Kd4 Kd6 49. f5 g6 0-1